[Event "21st Open"]
[Site "Reykjavik ISL"]
[Date "2004.03.12"]
[Round "6"]
[White "Thorsteinsson,E"]
[Black "Sigurdsson,J"]
[Result "1/2-1/2"]
[WhiteElo "2138"]
[BlackElo "2002"]
[EventDate "2004.03.07"]

1. Nf3 c5 2. e3 Nf6 3. b3 e6 4. Bb2 Be7 5. d4 b6 6. Nbd2 Bb7 7. Bd3 O-O 8.
c4 d6 9. Rc1 Nbd7 10. Qe2 Qc7 11. O-O Rfe8 12. Rfd1 Rac8 13. Bb1 Bf8 14.
dxc5 Qxc5 15. Re1 Red8 16. e4 g6 17. e5 dxe5 18. Nxe5 Nxe5 19. Bxe5 Bg7 20.
Rcd1 Bc6 21. h3 Bb7 22. Ba1 Qg5 23. Nf3 Qh5 24. Nd4 Qg5 25. Nf3 1/2-1/2

[Event "21st Open"]
[Site "Reykjavik ISL"]
[Date "2004.03.12"]
[Round "6"]
[White "Kjartansson,O"]
[Black "Ragnarsson,J"]
[Result "0-1"]
[WhiteElo "2034"]
[BlackElo "2122"]
[EventDate "2004.03.07"]

1. d4 d5 2. c4 e6 3. Nc3 c6 4. Nf3 dxc4 5. a4 Bb4 6. e4 b5 7. Bd2 Nf6 8.
Qc2 Bb7 9. Be2 Nbd7 10. e5 Bxc3 11. bxc3 Nd5 12. Ng5 N7b6 13. axb5 cxb5 14.
Nxh7 a5 15. Ng5 b4 16. cxb4 c3 17. Bb5+ Kf8 18. Bc1 axb4 19. Rxa8 Qxa8 20.
O-O Nc7 21. Qb1 Qa5 22. Be2 Qa4 23. Bd1 Qb5 24. f4 g6 25. Bb3 Bd5 26. Qa2
Kg7 27. g4 Bxb3 28. Qxb3 Qc4 29. Qd1 Rd8 30. Be3 Nbd5 31. Bc1 c2 32. Qd2
Nc3 33. Nf3 Ne2+ 34. Kg2 Nxc1 35. Rxc1 b3 36. f5 Nd5 37. fxe6 b2 38. Rxc2
Qxc2 0-1

[Event "21st Open"]
[Site "Reykjavik ISL"]
[Date "2004.03.12"]
[Round "6"]
[White "Gunnarsson,R"]
[Black "Ingolfsdottir,H"]
[Result "1/2-1/2"]
[WhiteElo "2016"]
[BlackElo "2051"]
[EventDate "2004.03.07"]

1. e4 e6 2. d4 d5 3. exd5 exd5 4. Bd3 Bd6 5. Nf3 Bg4 6. O-O Nc6 7. c3 Nge7
8. Nbd2 Qd7 9. Re1 O-O-O 10. a4 g5 11. b4 h5 12. Nb3 Rdg8 13. b5 Nb8 14.
Nbd2 h4 15. Qc2 f6 16. Ba3 Bxa3 17. Rxa3 Bxf3 18. Nxf3 g4 19. Nd2 g3 20.
Nf1 gxh2+ 21. Nxh2 Rg7 22. Ra2 Rhg8 23. Bf1 f5 24. Qe2 Ng6 25. Qf3 Qf7 26.
Rae2 Nd7 27. a5 h3 28. g3 Kd8 29. Bxh3 Nh4 30. Qf4 Ng6 31. Qxf5 Nf4 32. Re3
Nxh3+ 33. Qxh3 Rh7 34. Qg2 Rgh8 35. Nf3 Rh1+ 36. Qxh1 Rxh1+ 37. Kxh1 Qh5+
38. Kg2 Nf6 39. Rh1 Qf5 40. Re5 Qc2 1/2-1/2

[Event "21st Open"]
[Site "Reykjavik ISL"]
[Date "2004.03.14"]
[Round "7"]
[White "Hillarp Persson,T"]
[Black "Kononenko,T"]
[Result "1-0"]
[WhiteElo "2530"]
[BlackElo "2353"]
[EventDate "2004.03.07"]

1. d4 d5 2. c4 c6 3. Nc3 dxc4 4. e4 b5 5. a4 b4 6. Nce2 Nf6 7. Ng3 e5 8.
Bxc4 exd4 9. Nf3 Ba6 10. Qb3 Bxc4 11. Qxc4 c5 12. Bg5 Nc6 13. Nh5 h6 14.
Bxf6 gxf6 15. O-O Bd6 16. Rac1 Kf8 17. Qd5 Ne7 18. Qb7 Qc8 19. Qxc8+ Rxc8
20. Nxf6 Kg7 21. e5 Bxe5 22. Ne4 Bc7 23. Nxc5 Bf4 24. Rc4 Rhd8 25. b3 d3
26. Rd1 d2 27. g3 Bd6 28. Ne4 Rxc4 29. bxc4 Bc7 30. Rxd2 Rxd2 31. Nexd2 Nc6
32. Kf1 Na5 33. Nd4 Be5 34. N4b3 Nxb3 35. Nxb3 Kf6 36. Ke2 Kf5 37. f3 h5
38. f4 Bg7 39. Kf3 Ke6 40. g4 hxg4+ 41. Kxg4 Bc3 42. h4 Kf6 43. h5 Kg7 44.
Kf5 Be1 45. Kg5 Bf2 46. h6+ Kh7 47. a5 1-0

[Event "21st Open"]
[Site "Reykjavik ISL"]
[Date "2004.03.14"]
[Round "7"]
[White "Epishin,V"]
[Black "Timman,J"]
[Result "1/2-1/2"]
[WhiteElo "2633"]
[BlackElo "2578"]
[EventDate "2004.03.07"]

1. d4 Nf6 2. c4 e6 3. Nf3 b6 4. g3 Ba6 5. b3 Bb4+ 6. Bd2 Be7 7. Nc3 O-O 8.
e4 d5 9. cxd5 Bxf1 10. Kxf1 exd5 11. e5 Ne4 12. Kg2 Qd7 13. Rc1 Nxc3 14.
Rxc3 a5 15. Qb1 c5 16. Rd1 Na6 17. Bg5 Rad8 18. h4 h6 19. Be3 Qe6 20. Qd3
Nb4 21. Qe2 Rc8 22. a3 Nc6 23. dxc5 Nxe5 24. Nd4 Qf6 25. f4 Nd7 26. c6 Nc5
27. Rc2 1/2-1/2

[Event "21st Open"]
[Site "Reykjavik ISL"]
[Date "2004.03.14"]
[Round "7"]
[White "Erenburg,S"]
[Black "Bu Xiangzhi"]
[Result "1/2-1/2"]
[WhiteElo "2523"]
[BlackElo "2606"]
[EventDate "2004.03.07"]

1. e4 c5 2. Nf3 Nc6 3. d4 cxd4 4. Nxd4 g6 5. c4 Nf6 6. Nc3 d6 7. Be2 Bg7 8.
Be3 O-O 9. O-O Bd7 10. f3 Qb6 11. Ncb5 Nxd4 12. Bxd4 Qa5 13. Bc3 Qb6+ 14.
Bd4 Qa5 15. Bc3 1/2-1/2

[Event "21st Open"]
[Site "Reykjavik ISL"]
[Date "2004.03.14"]
[Round "7"]
[White "Markus,R"]
[Black "Luther,T"]
[Result "1-0"]
[WhiteElo "2527"]
[BlackElo "2572"]
[EventDate "2004.03.07"]

1. d4 e6 2. c4 Nf6 3. Nf3 d5 4. g3 Bb4+ 5. Bd2 a5 6. Qc2 c5 7. dxc5 d4 8.
Bxb4 axb4 9. Bg2 Nc6 10. Nbd2 Qe7 11. O-O O-O 12. Nb3 e5 13. Nfd2 Re8 14.
e3 Bg4 15. Rfe1 Qd7 16. Bxc6 bxc6 17. exd4 Bf5 18. Qd1 exd4 19. Qf3 d3 20.
Qf4 h6 21. Qd6 Rxe1+ 22. Rxe1 Re8 23. Re5 Rxe5 24. Qxe5 Bg6 25. f3 Qa7 26.
Qe1 Kh7 27. Kf2 Qd7 28. Kg2 Qa7 29. Kf2 Qa6 30. a4 bxa3 31. bxa3 Qxa3 32.
Qa1 Qb4 33. Qa8 Qc3 34. Qa1 Qc2 35. Ke3 h5 36. Nd4 Nd5+ 37. cxd5 Qxc5 38.
dxc6 Qg5+ 39. f4 Qe7+ 40. Kf2 Qc5 41. N2b3 Qc4 42. f5 Bxf5 43. Nxf5 Qc2+
44. Kg1 1-0

[Event "21st Open"]
[Site "Reykjavik ISL"]
[Date "2004.03.14"]
[Round "7"]
[White "Atalik,S"]
[Black "Pogorelov,R"]
[Result "1/2-1/2"]
[WhiteElo "2554"]
[BlackElo "2451"]
[EventDate "2004.03.07"]

1. Nf3 Nf6 2. c4 e6 3. Nc3 Bb4 4. Qc2 O-O 5. a3 Bxc3 6. Qxc3 b6 7. b4 Bb7
8. Bb2 d6 9. g3 Nbd7 10. Bg2 Ne5 11. O-O Nxf3+ 12. exf3 c5 13. d4 Qe7 14.
dxc5 dxc5 15. Rfe1 Rfd8 16. bxc5 Qxc5 17. Re5 Qf8 18. f4 Bxg2 19. Kxg2 Nd7
20. Re3 Nc5 21. a4 f5 22. Ba3 Qd6 23. Bxc5 Qc6+ 24. Kg1 bxc5 25. Qa5 Rab8
26. Rae1 Rd6 27. Qxa7 Ra8 28. Qe7 Re8 29. Qa7 Ra8 1/2-1/2

[Event "21st Open"]
[Site "Reykjavik ISL"]
[Date "2004.03.14"]
[Round "7"]
[White "Maze,S"]
[Black "Romanishin,O"]
[Result "1/2-1/2"]
[WhiteElo "2462"]
[BlackElo "2537"]
[EventDate "2004.03.07"]

1. Nf3 Nf6 2. g3 d5 3. Bg2 g6 4. O-O Bg7 5. c4 dxc4 6. Qa4+ c6 7. Qxc4 O-O
8. d3 Nbd7 9. Nc3 Nb6 10. Qh4 Bg4 11. Bh6 Bxf3 12. Bxf3 e5 13. Rfd1 Qd4 14.
Qxd4 exd4 15. Bxg7 Kxg7 16. Nb1 Rfe8 17. Nd2 Rad8 18. Rdc1 g5 19. Kf1 g4
20. Bg2 Re5 21. Nc4 Nxc4 22. Rxc4 Ne8 23. Rac1 Nc7 24. Rb4 Nb5 25. f4 gxf3
26. Bxf3 f6 27. Rbc4 Nc7 28. Rb4 Nb5 29. Rbc4 Nc7 30. Rb4 1/2-1/2

[Event "21st Open"]
[Site "Reykjavik ISL"]
[Date "2004.03.14"]
[Round "7"]
[White "Thorfinnsson,Bj"]
[Black "Ptacnikova,L"]
[Result "1/2-1/2"]
[WhiteElo "2340"]
[BlackElo "2214"]
[EventDate "2004.03.07"]

1. d4 Nf6 2. Nf3 e6 3. Bg5 h6 4. Bh4 c5 5. e3 b6 6. Nbd2 cxd4 7. exd4 Bb7
8. Bd3 Be7 9. Qe2 d6 10. c3 Nbd7 11. h3 Nh5 12. Bg3 Nxg3 13. fxg3 Qc7 14.
O-O h5 15. Ne4 Bxe4 16. Bxe4 d5 17. Bc2 O-O 18. Ne5 Nxe5 19. Qxh5 g6 20.
Qxe5 Qxe5 21. dxe5 Rac8 22. Bd3 Rc5 23. Rf4 Kg7 24. h4 Bd8 25. Kf2 Rh8 26.
Ke3 Rh5 27. Raf1 Rc7 28. Kd4 Re7 29. Be2 Rh8 30. b3 Rd7 31. a4 Bc7 32. Bb5
Re7 33. g4 Bd8 34. g5 Rc7 35. g3 Rb7 36. b4 Re7 37. Ba6 Rc7 38. Bb5 Re7 39.
R4f2 Rc7 40. Rd1 a5 41. Rdf1 Rf8 42. bxa5 bxa5 43. Kd3 1/2-1/2

[Event "21st Open"]
[Site "Reykjavik ISL"]
[Date "2004.03.14"]
[Round "7"]
[White "Galego,L"]
[Black "Rogers,I"]
[Result "0-1"]
[WhiteElo "2479"]
[BlackElo "2582"]
[EventDate "2004.03.07"]

1. e4 c5 2. Nf3 Nc6 3. Bb5 e6 4. Bxc6 bxc6 5. O-O Ne7 6. d4 cxd4 7. Qxd4
Ng6 8. c4 c5 9. Qd3 Be7 10. Nc3 O-O 11. Rd1 a6 12. b3 f5 13. exf5 Rxf5 14.
Nd5 Bf6 15. Rb1 Bd4 16. Nxd4 cxd4 17. Qc2 Qh4 18. Nb6 Rh5 19. h3 Bb7 20. f4
Rf8 21. Nxd7 Nxf4 22. Bxf4 Rxf4 23. Qe2 Re4 24. Rf1 Rf5 25. Rxf5 exf5 26.
Qf1 Qe7 27. Nb6 d3 28. Qxf5 d2 29. Rf1 Re1 30. Nd5 Rxf1+ 0-1

[Event "21st Open"]
[Site "Reykjavik ISL"]
[Date "2004.03.14"]
[Round "7"]
[White "Stefansson,H"]
[Black "Handke,F"]
[Result "1/2-1/2"]
[WhiteElo "2572"]
[BlackElo "2459"]
[EventDate "2004.03.07"]

1. d4 Nf6 2. c4 e6 3. Nf3 b6 4. g3 Ba6 5. b3 Bb7 6. Bg2 Bb4+ 7. Bd2 a5 8.
O-O O-O 9. Qc2 d6 10. Nc3 Nbd7 11. Rfe1 Bxc3 12. Bxc3 Be4 13. Qb2 c6 14.
Red1 b5 15. Be1 Qb8 16. Rac1 bxc4 17. Rxc4 Qb5 18. a4 Qh5 19. Qa3 Nb6 20.
Rcc1 Rfd8 21. Bd2 h6 22. Bf4 Nc8 23. h3 g5 24. Bd2 Nb6 25. Qb2 Nbd5 26. g4
Qg6 27. Ne1 Bxg2 28. Nxg2 h5 29. f3 hxg4 30. hxg4 Kg7 31. e4 Ne7 32. Kf2
Rh8 33. Rh1 d5 34. e5 Nd7 35. Rxh8 Rxh8 36. Bxa5 Rh3 37. Bd8 Qd3 38. Bxe7
Qxf3+ 39. Kg1 Qg3 40. Bf6+ Kg8 41. Bxg5 1/2-1/2

[Event "21st Open"]
[Site "Reykjavik ISL"]
[Date "2004.03.14"]
[Round "7"]
[White "Nataf,IA"]
[Black "Thorhallsson,T"]
[Result "1-0"]
[WhiteElo "2569"]
[BlackElo "2459"]
[EventDate "2004.03.07"]

1. e4 e6 2. d4 d5 3. Nc3 Nf6 4. Bg5 Be7 5. e5 Nfd7 6. h4 Bxg5 7. hxg5 Qxg5
8. Nb5 Qd8 9. Qg4 g6 10. c4 a6 11. Nc3 dxc4 12. Nf3 Qe7 13. Bxc4 b5 14. Bb3
Bb7 15. d5 Nc5 16. dxe6 fxe6 17. Bc2 Rg8 18. b4 Ncd7 19. Ng5 Nxe5 20. Qxe6
Rg7 21. O-O-O Nbd7 22. f4 Nc4 23. Rhe1 Kf8 24. Qxe7+ Rxe7 25. Rxe7 Kxe7 26.
Re1+ Kf8 27. Nxh7+ Kf7 28. Ng5+ Kg8 29. Bxg6 Bxg2 30. Ne6 Nf8 31. Nxf8 Kxf8
32. f5 Kg7 33. Ne2 Rd8 34. Nf4 Rd2 35. Re6 Bf3 36. f6+ Kh6 37. f7 Rd1+ 38.
Kc2 Rd8 39. Re8 1-0

[Event "21st Open"]
[Site "Reykjavik ISL"]
[Date "2004.03.14"]
[Round "7"]
[White "Votava,J"]
[Black "Zatonskih,A"]
[Result "0-1"]
[WhiteElo "2505"]
[BlackElo "2436"]
[EventDate "2004.03.07"]

1. g3 e5 2. Bg2 d5 3. c4 dxc4 4. Na3 Nf6 5. Nxc4 Bc5 6. Nxe5 Bxf2+ 7. Kxf2
Qd4+ 8. Ke1 Qxe5 9. Qa4+ Nbd7 10. Qf4 Qe6 11. Qxc7 O-O 12. b3 Ne5 13. Nf3
Nd3+ 14. Kf1 Re8 15. Nd4 Qg4 16. Qc3 Bf5 17. Bf3 Qxf3+ 18. Nxf3 Bh3+ 19.
Kg1 Rxe2 20. Qxd3 Rg2+ 21. Kf1 Rxd2+ 22. Ke1 Rxd3 23. Ke2 Rd7 24. Re1 Ng4
25. Bd2 Re8+ 26. Kd1 Nf2+ 27. Kc2 Bf5+ 0-1

[Event "21st Open"]
[Site "Reykjavik ISL"]
[Date "2004.03.14"]
[Round "7"]
[White "Gunnarsson,J"]
[Black "Pavlovic,Mi"]
[Result "1/2-1/2"]
[WhiteElo "2376"]
[BlackElo "2548"]
[EventDate "2004.03.07"]

1. e4 c5 2. Nf3 d6 3. d4 cxd4 4. Nxd4 Nf6 5. Nc3 a6 6. Be3 Nc6 7. Be2 e6 8.
Qd2 Be7 9. f4 O-O 10. g4 Nxd4 11. Bxd4 e5 12. Bf2 exf4 13. g5 Nd7 14. h4
Ne5 15. Qxf4 f6 16. Qh2 Ng4 17. Bxg4 Bxg4 18. Rg1 Qd7 19. Be3 Rae8 20. Qd2
Bd8 21. Qd4 fxg5 22. hxg5 Re5 23. Kd2 Rxg5 24. Raf1 Rxf1 25. Rxf1 Rg6 26.
Nd5 Be6 27. Kc1 Qb5 28. c4 Qc6 29. Kb1 h6 30. Nf4 Rf6 31. Rg1 Qe8 32. Nxe6
Qxe6 33. Bxh6 1/2-1/2

[Event "21st Open"]
[Site "Reykjavik ISL"]
[Date "2004.03.14"]
[Round "7"]
[White "Pedersen,NV"]
[Black "Vidarsson,J"]
[Result "0-1"]
[WhiteElo "2510"]
[BlackElo "2333"]
[EventDate "2004.03.07"]

1. d4 b6 2. e4 Bb7 3. Bd3 e6 4. Nf3 d6 5. Nc3 Nd7 6. Bf4 g6 7. h4 h6 8. e5
d5 9. Ne2 c5 10. c3 Ne7 11. Ng3 Qc7 12. Qd2 Nc6 13. Rc1 a5 14. O-O c4 15.
Be2 b5 16. h5 g5 17. Be3 b4 18. Nh2 a4 19. f4 gxf4 20. Bxf4 a3 21. Nf5 axb2
22. Qxb2 Qa5 23. Nd6+ Bxd6 24. exd6 Qxa2 25. Rc2 Qxb2 26. Rxb2 Ra3 27. Rf3
Ra7 28. Rd2 Rg8 29. Bf1 b3 30. Be3 Nb6 31. Rf6 Na4 32. Rxh6 Ra8 0-1

[Event "21st Open"]
[Site "Reykjavik ISL"]
[Date "2004.03.14"]
[Round "7"]
[White "Pokorna,Reg"]
[Black "Sigfusson,S"]
[Result "1/2-1/2"]
[WhiteElo "2390"]
[BlackElo "2285"]
[EventDate "2004.03.07"]

1. e4 c5 2. Nf3 d6 3. d4 cxd4 4. Nxd4 Nf6 5. Nc3 g6 6. Be3 Bg7 7. f3 Nc6 8.
Qd2 O-O 9. Bc4 Bd7 10. O-O-O Ne5 11. Bb3 Qa5 12. h4 Rfc8 13. Kb1 Nc4 14.
Bxc4 Rxc4 15. Nb3 Qc7 16. Bh6 Bh8 17. h5 Rxc3 18. Qxc3 Qxc3 19. bxc3 Nxh5
20. Be3 Bxc3 21. Bd4 Bxd4 22. Rxd4 Be6 23. Rb4 b6 24. Nd4 Rc8 25. Rd1 Bc4
26. Rd2 Nf6 1/2-1/2

[Event "21st Open"]
[Site "Reykjavik ISL"]
[Date "2004.03.14"]
[Round "7"]
[White "Arngrimsson,D"]
[Black "Thorfinnsson,Br"]
[Result "1/2-1/2"]
[WhiteElo "2239"]
[BlackElo "2380"]
[EventDate "2004.03.07"]

1. e4 e5 2. Nf3 Nc6 3. Bc4 Nf6 4. d3 Be7 5. O-O O-O 6. c3 d6 7. Bb3 Nd7 8.
Re1 Bf6 9. Nbd2 g6 10. Nf1 Bg7 11. Bg5 Ne7 12. Ne3 h6 13. Bh4 Nc5 14. d4
Nxb3 15. Qxb3 g5 16. Bg3 g4 17. Nh4 exd4 18. cxd4 Bxd4 19. Rad1 Bg7 20. e5
d5 21. Nxd5 Nxd5 22. Rxd5 Qe8 23. Qc2 Be6 24. Rd4 Rd8 25. Rxd8 Qxd8 26. Nf5
Bxf5 27. Qxf5 Qd2 28. Kf1 Qxb2 29. e6 fxe6 30. Qxe6+ Kh8 31. Re2 Qa1+ 32.
Re1 Qd4 33. Qe7 Qc4+ 34. Kg1 Qf7 35. Qb4 Re8 36. Rf1 c6 37. Qxg4 Qxa2 38.
Qd7 Qe6 39. Qxb7 a5 40. h3 Qd5 41. Rc1 Re6 42. Kh2 Kh7 43. Qb1+ Qe4 44.
Qxe4+ Rxe4 45. Rxc6 Re2 46. Ra6 Ra2 47. f4 a4 48. f5 Bc3 49. Bf4 h5 50. Kg3
Be1+ 51. Kf3 a3 52. Ra7+ Kg8 53. f6 Rf2+ 54. Ke3 a2 55. g4 hxg4 56. hxg4
Bc3 57. f7+ Kg7 58. Bh6+ Kg6 59. Kxf2 Bd4+ 60. Kf3 Bxa7 61. f8=Q a1=Q 62.
Qg7+ 1/2-1/2

[Event "21st Open"]
[Site "Reykjavik ISL"]
[Date "2004.03.14"]
[Round "7"]
[White "Halldorsson,H"]
[Black "Johannesson,I"]
[Result "1/2-1/2"]
[WhiteElo "2159"]
[BlackElo "2302"]
[EventDate "2004.03.07"]

1. e4 e6 2. d4 d5 3. exd5 exd5 4. Nf3 Nc6 5. Bb5 Bd6 6. c4 dxc4 7. d5 a6 8.
Ba4 b5 9. dxc6 bxa4 10. O-O Ne7 11. Qxa4 O-O 1/2-1/2

[Event "21st Open"]
[Site "Reykjavik ISL"]
[Date "2004.03.14"]
[Round "7"]
[White "Thorsteinsson,T"]
[Black "Halldorsson,J"]
[Result "1-0"]
[WhiteElo "2278"]
[BlackElo "2200"]
[EventDate "2004.03.07"]

1. d4 d5 2. Bg5 h6 3. Bh4 c6 4. e3 Qb6 5. b3 e5 6. Nf3 exd4 7. exd4 Be7 8.
Bg3 Bg4 9. Be2 Nf6 10. O-O O-O 11. c3 Nbd7 12. Nbd2 Rfe8 13. Ne5 Bxe2 14.
Qxe2 Ba3 15. Qd3 Nxe5 16. dxe5 Nh5 17. Rae1 Nxg3 18. Qxg3 a5 19. Kh1 Qd8
20. f4 Be7 21. Nf3 c5 22. f5 Bf8 23. Qf4 Ra6 24. g4 Be7 25. Rd1 Qd7 26. h4
f6 27. e6 Qd6 28. Qxd6 Rxd6 29. Rd2 Red8 30. Rfd1 b5 31. a4 b4 32. cxb4
axb4 33. Rc1 Ra6 34. Kg2 Kf8 35. Rcd1 Rad6 36. Rc1 Ra6 37. h5 Ke8 38. Kf2
c4 39. bxc4 dxc4 40. Rxc4 Rxd2+ 41. Nxd2 Kd8 42. Rd4+ Ke8 43. Rd7 Rxa4 44.
Rb7 Bc5+ 45. Kf3 Ra7 46. Rb8+ Ke7 47. Ne4 Ra3+ 48. Kg2 Ra2+ 49. Kf1 b3 50.
Rb7+ Ke8 51. Rxb3 Be7 52. Rb8+ Bd8 53. Nd6+ Ke7 54. Nc8+ 1-0

[Event "21st Open"]
[Site "Reykjavik ISL"]
[Date "2004.03.14"]
[Round "7"]
[White "Bergsson,Sn"]
[Black "Hagesaether,E"]
[Result "1-0"]
[WhiteElo "2270"]
[BlackElo "2194"]
[EventDate "2004.03.07"]

1. d4 g6 2. c4 Nf6 3. Nc3 Bg7 4. e4 O-O 5. Nf3 d6 6. Be2 e5 7. O-O Nc6 8.
d5 Ne7 9. Ne1 Nd7 10. Be3 f5 11. f3 Nf6 12. Nd3 Kh8 13. a4 f4 14. Bf2 g5
15. c5 Ng6 16. a5 h5 17. a6 b6 18. cxd6 cxd6 19. h3 g4 20. fxg4 hxg4 21.
hxg4 Rf7 22. Nb4 Ne8 23. Nb5 Qg5 24. Ra3 f3 25. Bxf3 Bf8 26. Be3 Qh4 27.
Qe1 Qh7 28. Qg3 Be7 29. Nc6 Bh4 30. Qh2 Nf6 31. Nxd6 Nxg4 32. Nxf7+ 1-0

[Event "21st Open"]
[Site "Reykjavik ISL"]
[Date "2004.03.14"]
[Round "7"]
[White "Halldorsson,Br"]
[Black "Kjartansson,D"]
[Result "0-1"]
[WhiteElo "2211"]
[BlackElo "2267"]
[EventDate "2004.03.07"]

1. d4 Nf6 2. c4 g6 3. Nc3 Bg7 4. e4 d6 5. Be2 O-O 6. Nf3 e5 7. Be3 Nc6 8.
d5 Ne7 9. Nd2 Ne8 10. b4 f5 11. f3 Nf6 12. c5 Nh5 13. Nc4 Nf4 14. O-O a6
15. cxd6 cxd6 16. Bb6 Qd7 17. Rc1 Bh6 18. Rc2 Rf6 19. Bf2 Qe8 20. Nb6 Rb8
21. b5 axb5 22. Bxb5 Qd8 23. Ne2 fxe4 24. Nxf4 Rxf4 25. Nxc8 Rxc8 26. Rxc8
Qxc8 27. Qa4 e3 0-1

[Event "21st Open"]
[Site "Reykjavik ISL"]
[Date "2004.03.14"]
[Round "7"]
[White "Bjornsson,S"]
[Black "Fridjonsson,J"]
[Result "1-0"]
[WhiteElo "2337"]
[BlackElo "2176"]
[EventDate "2004.03.07"]

1. e4 c6 2. d4 d5 3. exd5 cxd5 4. c4 Nf6 5. Nc3 e6 6. Nf3 Bb4 7. cxd5 Nxd5
8. Qc2 O-O 9. Bd3 h6 10. O-O Nc6 11. Re1 Bd7 12. a3 Bd6 13. Ne4 Bf4 14. Nc5
Rc8 15. g3 b6 16. Nxd7 Bxc1 17. Nxf8 Nxd4 18. Qd1 Nxf3+ 19. Qxf3 Bxb2 20.
Ra2 Bc3 21. Nxe6 fxe6 22. Rxe6 Nf6 23. Rc2 Qd4 24. Bf5 1-0

[Event "21st Open"]
[Site "Reykjavik ISL"]
[Date "2004.03.14"]
[Round "7"]
[White "Ragnarsson,J"]
[Black "Ardaman,M"]
[Result "0-1"]
[WhiteElo "2122"]
[BlackElo "2307"]
[EventDate "2004.03.07"]

1. e4 Nc6 2. Nf3 d6 3. d4 Bg4 4. Bb5 a6 5. Bxc6+ bxc6 6. Nc3 e6 7. h3 Bh5
8. Qd3 Be7 9. Bd2 Nf6 10. Bg5 h6 11. Bxf6 Bxf6 12. Qc4 Qd7 13. g4 Bg6 14.
Qa4 c5 15. Qxd7+ Kxd7 16. O-O-O cxd4 17. Nxd4 Rhb8 18. Nde2 Rb4 19. f3 a5
20. b3 c6 21. Na4 d5 22. c3 Rbb8 23. c4 Ke8 24. exd5 cxd5 25. c5 Rb4 26.
Rhf1 Rc8 27. Kd2 e5 28. Nec3 Bg5+ 29. Ke2 d4 30. Ne4 Bxe4 31. fxe4 Rxa4 32.
bxa4 Rxc5 33. Rf3 Rc2+ 34. Kf1 Rxa2 35. Rb3 Rxa4 36. Rb5 Bf4 37. Rd5 h5 38.
Rb1 Ke7 39. Rb6 hxg4 40. hxg4 Rb4 41. Ra6 a4 42. Rc5 Rb7 43. Ke2 g6 44. Rd5
a3 45. g5 Rb2+ 46. Kf3 a2 47. Ra7+ Kf8 48. Rdd7 Kg8 49. Rxf7 a1=Q 50. Rg7+
Kf8 51. Rxa1 Rb3+ 52. Kg4 Kxg7 53. Ra7+ Kf8 54. Ra6 Rg3+ 55. Kh4 Rxg5 56.
Rd6 Ke7 57. Rd5 Rg1 0-1

[Event "21st Open"]
[Site "Reykjavik ISL"]
[Date "2004.03.14"]
[Round "7"]
[White "Thorarinsson,P"]
[Black "Kjartansson,G"]
[Result "1-0"]
[WhiteElo "2278"]
[BlackElo "2162"]
[EventDate "2004.03.07"]

1. d4 Nf6 2. c4 g6 3. Nc3 d5 4. h4 Bg7 5. h5 Nxh5 6. cxd5 Nf6 7. e4 Nxe4 8.
Nxe4 Qxd5 9. Nc3 Qxd4 10. Qxd4 Bxd4 11. Nd5 Be5 12. Nf3 Bd6 13. Bd2 b6 14.
Bc3 f6 15. Bd3 Kf7 16. Ng5+ Kg7 17. Ne4 Nd7 18. O-O-O Bb7 19. Bc2 Bxd5 20.
Rxd5 h5 21. Re1 Kf7 22. Bb3 Kf8 23. Ba4 Rd8 24. Kc2 Rh6 25. Bc6 Nb8 26. Ba4
Nd7 27. Red1 Kf7 28. b4 Nb8 29. b5 Ke6 30. Bb3 Kd7 31. Bxf6 exf6 32. Nxd6
1-0

[Event "21st Open"]
[Site "Reykjavik ISL"]
[Date "2004.03.14"]
[Round "7"]
[White "Bjornsson,T"]
[Black "Thorsteinsson,E"]
[Result "1/2-1/2"]
[WhiteElo "2256"]
[BlackElo "2138"]
[EventDate "2004.03.07"]

1. e4 e5 2. Nf3 Nc6 3. Bc4 Be7 4. O-O Nf6 5. d3 O-O 6. Nc3 d6 7. h3 Be6 8.
Bxe6 fxe6 9. d4 exd4 10. Nxd4 Nxd4 11. Qxd4 e5 1/2-1/2

[Event "21st Open"]
[Site "Reykjavik ISL"]
[Date "2004.03.14"]
[Round "7"]
[White "Steindorsson,S"]
[Black "Johnsen,Sy"]
[Result "1-0"]
[WhiteElo "2218"]
[BlackElo "2083"]
[EventDate "2004.03.07"]

1. c4 c5 2. Nc3 Nf6 3. g3 d5 4. cxd5 Nxd5 5. Bg2 Nc7 6. Nf3 Nc6 7. O-O e5
8. d3 Be7 9. Nd2 Bd7 10. Nc4 f6 11. f4 b5 12. Ne3 Rc8 13. Ncd5 Nxd5 14.
Nxd5 O-O 15. e4 Be6 16. Be3 exf4 17. Nxf4 Qd7 18. Rc1 Ne5 19. b3 Bg4 20.
Qd2 Rfd8 21. Nd5 c4 22. dxc4 bxc4 23. Bd4 Qe6 24. Bxa7 Bc5+ 25. Bxc5 Rxc5
26. bxc4 Nxc4 27. Qd4 Rdc8 28. Rf4 Bh5 29. Bf1 Qe5 30. Rxc4 Rxc4 31. Nxf6+
gxf6 32. Bxc4+ Kh8 33. Qd5 Bg6 34. Bb3 Qc3 35. Qe6 Qe3+ 36. Kg2 Qe2+ 37.
Kh3 Rf8 38. Qe7 Qh5+ 39. Rh4 Bf5+ 40. exf5 Qxf5+ 41. Kg2 Rc8 42. Rf4 1-0

[Event "21st Open"]
[Site "Reykjavik ISL"]
[Date "2004.03.14"]
[Round "7"]
[White "Maack,K"]
[Black "Bergsson,St"]
[Result "1/2-1/2"]
[WhiteElo "2176"]
[BlackElo "2036"]
[EventDate "2004.03.07"]

1. e4 c5 2. Nc3 e6 3. g3 d5 4. exd5 exd5 5. d3 Nf6 6. Bg2 d4 7. Ne4 Nxe4 8.
Bxe4 Nd7 9. Bg2 Nf6 10. Ne2 Bd6 11. O-O O-O 12. Bf4 Bg4 13. Bxd6 Qxd6 14.
Qd2 Rab8 15. a4 Nd5 16. Rfe1 Nb4 17. Nf4 Rfd8 18. b3 b6 19. h3 Bd7 20. Re2
Re8 21. Rae1 Rf8 1/2-1/2

[Event "21st Open"]
[Site "Reykjavik ISL"]
[Date "2004.03.14"]
[Round "7"]
[White "Sigurdsson,J"]
[Black "Gretarsdottir,L"]
[Result "1-0"]
[WhiteElo "2002"]
[BlackElo "2071"]
[EventDate "2004.03.07"]

1. e4 c5 2. Nf3 d6 3. d4 cxd4 4. Qxd4 Nf6 5. Nc3 Nc6 6. Bb5 Bd7 7. Bxc6
Bxc6 8. Bg5 e5 9. Qd3 Be7 10. O-O-O Qa5 11. Kb1 Rc8 12. Rhe1 O-O 13. Nh4 g6
14. Qd2 Qc7 15. Bh6 Rfd8 16. Nf5 Ng4 17. Nxe7+ Qxe7 18. Bg5 f6 19. Bh4 Kg7
20. f3 Nh6 21. g4 Nf7 22. Bf2 b5 23. h4 h6 24. Qd3 b4 25. Nb5 Rd7 26. Nxa7
Rxa7 27. Bxa7 Qxa7 28. Rd2 Ra8 29. Qc4 Qa4 30. Red1 Rc8 31. Rc1 Qa5 32. Rd3
Bd7 33. Qb3 Ba4 34. Qe6 Qc5 35. b3 Bb5 36. Rd5 Qc6 37. Rxb5 Qxb5 38. Qxc8
Qe2 39. h5 Qxf3 40. hxg6 Ng5 41. Qd7+ Kxg6 42. Qf5+ Kg7 43. Rf1 Qxf5 44.
exf5 d5 45. a4 bxa3 46. Ka2 d4 47. b4 Kf8 48. Kxa3 Ke7 49. Kb3 e4 50. Kc4
Nf3 51. Kd5 Kd7 52. Ra1 e3 53. Ke4 Ne5 54. Kxd4 Nxg4 55. Kd3 h5 56. Rg1 Kd6
57. Rxg4 hxg4 58. Kxe3 Kd5 59. Kf4 g3 60. Kxg3 Kc4 61. c3 1-0

[Event "21st Open"]
[Site "Reykjavik ISL"]
[Date "2004.03.14"]
[Round "7"]
[White "Palsson,H ISL"]
[Black "Gunnarsson,R"]
[Result "1/2-1/2"]
[WhiteElo "2021"]
[BlackElo "2016"]
[EventDate "2004.03.07"]

1. e4 e5 2. Nf3 Nf6 3. d4 Nxe4 4. Bd3 d5 5. Nxe5 Bd6 6. O-O O-O 7. c4 Be6
8. cxd5 Bxd5 9. Qc2 Nf6 10. Nc3 Be6 11. Bg5 h6 12. Bxf6 Qxf6 13. f4 Nc6 14.
Ne4 Qd8 15. Nxc6 bxc6 16. f5 Bd5 17. f6 Re8 18. g3 Bf8 19. Rae1 Bxe4 20.
Bxe4 Qxd4+ 21. Kh1 Rab8 22. b3 c5 23. Bh7+ Kh8 24. Rd1 Qe5 25. fxg7+ Qxg7
26. Bd3 Rbd8 27. Bc4 Rxd1 28. Qxd1 Qd4 29. Qf3 Qe4 30. Qxe4 Rxe4 31. Rxf7
Bd6 32. Rd7 Re7 33. Rd8+ Kg7 34. Ra8 c6 35. Rc8 Bc7 36. Ra8 Bb6 37. Rg8+
Kf6 38. Kg2 Ba5 39. g4 Rg7 40. Rxg7 Kxg7 41. Bd3 Kf6 42. Be4 Ke5 43. Kf3
Bd8 44. Bxc6 Bg5 45. Bb5 Kd4 46. Kg3 Ke5 47. h4 Bd8 48. Be8 Be7 49. g5 hxg5
50. h5 Kf6 51. h6 Bf8 52. h7 Kg7 53. Bg6 Bd6+ 54. Kg4 Bf4 55. Kf3 Bc1 56.
Bf5 a5 57. Ke4 Ba3 58. Kd5 Bb4 59. Kc4 Kh8 60. Kb5 Kg7 61. Ka4 g4 62. a3
Bd2 63. Kb5 g3 64. Be4 g2 65. Bxg2 Kxh7 66. Kxc5 1/2-1/2